书目信息 |
| 题名: |
中国的武术运动
|
|
| 作者: | ;中国体育编辑部 编辑 | |
| 分册: | ||
| 出版信息: | 北京 人民体育出版社 |
|
| 页数: | 一册 | |
| 开本: | 20cm | |
| 丛书名: | ||
| 单 册: | ||
| 中图分类: | J416 | |
| 科图分类: | ||
| 主题词: | 摄影技术--普及读物 , 摄影艺术--各种 | |
| 电子资源: | ||
| ISBN: | ||
| 000 | 00631nam0 2200217 450 | |
| 001 | 0653126437 | |
| 005 | 20060426144741.21 | |
| 010 | @dCNY0.80 | |
| 100 | @a20060426d km y0chiy0120 ea | |
| 101 | 0 | @achi |
| 102 | @aCN@b110000 | |
| 102 | @aCN@b110000 | |
| 200 | 1 | @a中国的武术运动@Azhong guo de wu shu yun dong@f中国体育编辑部编辑@Fzhong guo ti yu bian ji bu bian ji |
| 210 | @a北京@c人民体育出版社 | |
| 215 | @a一册@d20cm | |
| 606 | 0 | @a摄影技术@x普及读物 |
| 606 | 0 | @a摄影艺术@x各种 |
| 690 | @aJ416@v3 | |
| 711 | 0 | @a中国体育编辑部@Azhong guo ti yu bian ji bu@4编辑 |
| 801 | 0 | @aCN@bPFT@c20060426 |
| 905 | @a10447@dJ416@e3 | |
| 中国的武术运动/中国体育编辑部编辑.-北京:人民体育出版社 |
| 一册;20cm |
| ISBN :CNY0.80 |
| ● |
| 相关链接 |
|
|
|
|
正题名:中国的武术运动
索取号:J416/3
 
预约/预借
| 序号 | 登录号 | 条形码 | 馆藏地/架位号 | 状态 | 备注 |
| 1 | 0005017 | 202295710 | 密集书库/ [索取号:J416/3] | 在馆 |